[Event "WC-2019-S-00003"]
[Site "LSS email"]
[Date "2019.08.28"]
[Round "?"]
[White "Mauro, Lucio"]
[Black "Quinones Borda, Jorge Victor"]
[Result "1/2-1/2"]
[WhiteElo "2271"]
[BlackElo "2289"]
[PlyCount "51"]
[EventDate "2019.09.01"]
[EventType "tourn (corr)"]
[EventRounds "12"]
[EventCountry "GER"]
[SourceTitle "Corr 2024"]
[Source "ChessBase"]
[SourceDate "2023.10.19"]
[SourceVersion "1"]
[SourceVersionDate "2023.10.19"]
[SourceQuality "1"]

1. d4 Nf6 2. c4 e6 3. Nf3 d5 4. g3 Bb4+ 5. Bd2 Bd6 6. Bg2 c6 7. Qc2 Nbd7 8. 0-0 0-0 9. Bg5 h6 10. Bxf6 Nxf6 11. Nbd2 b6 12. e4 Be7 13. e5 Nd7 14. cxd5 cxd5 15. Rfc1 Nb8 16. Bf1 Bd7 17. a3 Nc6 18. b4 a6 19. Qb2 Qb8 20. Ne1 Rc8 21. Bd3 Na7 22. Be2 Qb7 23. Nf1 Rxc1 24. Rxc1 Rc8 25. Rxc8+ Qxc8 26. Ne3 1/2-1/2

[Event "WC-2019-S-00003"]
[Site "LSS email"]
[Date "2019.08.28"]
[Round "?"]
[White "Mauro, Lucio"]
[Black "Schmidt, Johannes"]
[Result "0-1"]
[WhiteElo "2271"]
[BlackElo "2262"]
[PlyCount "68"]
[EventDate "2019.09.01"]
[EventType "tourn (corr)"]
[EventRounds "12"]
[EventCountry "GER"]
[SourceTitle "Corr 2024"]
[Source "ChessBase"]
[SourceDate "2023.10.19"]
[SourceVersion "1"]
[SourceVersionDate "2023.10.19"]
[SourceQuality "1"]

1. e4 c5 2. Nf3 d6 3. d4 Nf6 4. Nc3 cxd4 5. Nxd4 a6 6. Be3 e5 7. Nb3 Be6 8. f3 Be7 9. Qd2 0-0 10. 0-0-0 Nbd7 11. g4 b5 12. g5 Nh5 13. Kb1 Nb6 14. Nd5 Nxd5 15. exd5 Bf5 16. Na5 Qc7 17. Nc6 f6 18. h4 Ng3 19. Rh2 Nxf1 20. Rxf1 fxg5 21. hxg5 Bg6 22. Rhf2 Rf5 23. f4 exf4 24. Bxf4 Re8 25. b3 Qd7 26. Kb2 Bf8 27. Be3 Rxf2 28. Rxf2 Qg4 29. Bb6 Qe4 30. Bd4 Be7 31. Nxe7+ Rxe7 32. Bc3 Bf7 33. Rf4 Qe3 34. Rd4 Qxd2 0-1